| 000 | 00865nam a2200241Ia 4500 | ||
|---|---|---|---|
| 003 | OSt | ||
| 005 | 20220926022512.0 | ||
| 006 | a|||||r|||| 00| 0 | ||
| 007 | ta | ||
| 008 | 220923b |||||||| |||| 00| 0 eng d | ||
| 037 | _cGeneral Book | ||
| 040 |
_aRTL _cRTL _beng |
||
| 041 |
_2eng _aeng |
||
| 082 | _aV1N45,933:8.N73, L4.2 | ||
| 110 |
_aUnited Nations. Economic and Social Council, Official Records, 55 Session. Summary Records of Meetings _9327966 |
||
| 245 | 0 | _aSecond special session and resumed fifth fifth ses | |
| 260 |
_aNew York _bUnited Nations U. S. A. _c1974 |
||
| 300 |
_axiii, 62p. _ccm. |
||
| 650 | _aHistory | ||
| 700 |
_aUnited Nations. Economic and Social Council, Official Records, 55 Session. Summary Records of Meetings _9327967 |
||
| 942 |
_hV1N45,933:8.N73, L4.2 _cGB _2CC |
||
| 999 |
_c639634 _d639634 |
||